| 000 | 00428nam a22001457a 4500 | ||
|---|---|---|---|
| 008 | 160816b xxu||||| |||| 00| 0 eng d | ||
| 050 | _aBV360.G292 | ||
| 100 |
_a _925031 |
||
| 110 |
_aGeary,Patrick _eed. _925032 |
||
| 245 |
_aCelebration hymnal for everyone _cedited by Patrick Geary |
||
| 260 |
_aGreat Wakering _bMcCrimmons _c1994 |
||
| 300 |
_a346p.; _c21cm. |
||
| 650 |
_aHymns, Catholic _925010 |
||
| 942 |
_2lcc _cMONOGRAPH |
||
| 999 |
_c125000 _d125000 |
||